| 000 | 00353nam 22001453 4500 | ||
|---|---|---|---|
| 001 | 32706 | ||
| 090 | _a32706 | ||
| 100 | _a20260413d u||y0pory50 ba | ||
| 101 | _apor | ||
| 200 |
_aA Atmosfera e a sua Vida _fN. Kolobkov |
||
| 210 |
_aLisboa _cArcádia _d1971 |
||
| 215 |
_a456 p. _d18 cm |
||
| 225 |
_aBiblioteca Arcádia de Bolso _h89-90 |
||
| 801 | _gISBD | ||
| 942 | _n0 | ||